| 000 | 00501nam a22001577a 4500 | ||
|---|---|---|---|
| 005 | 20251108164307.0 | ||
| 008 | 250721s1993 xx 000 0 ara d | ||
| 082 | 1 | 4 | _a796.33/مفت |
| 100 | 1 | _aإبراهيم، مفتي | |
| 245 | 1 | 0 | _aكيف تصبح لاعب كرة قدم / |
| 264 | 1 |
_aالقاهره : _bمؤسسة مختار - دار عالم المعرفه لنشر و توزيع الكتاب، _c1993. |
|
| 300 | _a113ص | ||
| 650 | 1 | 7 | _aكرة القدم |
| 942 |
_2ddc _cBK |
||
| 999 |
_c8587 _d8587 |
||